| 000 | 00819nam a2200241 i 4500 | ||
|---|---|---|---|
| 003 | IT-RoINE | ||
| 005 | 20200713054938.0 | ||
| 008 | 920725s1944 sp r | spa d | ||
| 040 | _aIT-RoINE | ||
| 041 | 1 | _aspa | |
| 100 | 0 |
_aIsidoro, _95667 _cSanto, Arzobispo de Sevilla, _d560-636 |
|
| 245 | 1 | 0 |
_aDe los sinónimos en la lamentación del alma pecadora / _cSan Isidoro de Sevilla ; traducción literal e introducción por el M. I. Sr. D. Martín Andréu Valdés Solís. |
| 260 |
_aMadrid : _bAspas, _c1944. |
||
| 300 |
_a106 p. ; _c17 cm. |
||
| 336 |
_2rdacontent _atext |
||
| 337 |
_2rdamedia _aunmediated |
||
| 338 |
_2rdacarrier _avolume |
||
| 490 | 0 |
_aColeccíon excelsa ; _v15 |
|
| 700 | 1 |
_aValdés Solís, Martín Andréu _938526 |
|
| 830 |
_938392 _aColección excelsa _v15 |
||
| 942 | _cMTS | ||
| 956 | _a1 | ||
| 999 |
_c19407 _d19407 |
||